[Event "Int. Championship of Central Serbia - O"]
[Site "Paracin"]
[Date "2011.07.11"]
[Round "4.1"]
[White "Petkov, Vladimir"]
[Black "Ulibin, Mikhail"]
[Result "0-1"]
[WhiteElo "2490"]
[BlackElo "2538"]
[PlyCount "42"]
[EventDate "2011.??.??"]

1. Nf3 d5 2. c4 d4 3. e3 Nc6 4. exd4 Nxd4 5. Nxd4 Qxd4 6. Nc3 c6 7. d3 Nh6 8.
Be2 Nf5 9. g4 Nh4 10. Rg1 Qe5 11. f4 Qd4 12. Rg3 h5 13. Be3 Ng2+ 14. Rxg2 Qxe3
15. g5 Qxf4 16. Ne4 g6 17. Bf3 Bg7 18. Qe2 O-O 19. Rf2 Bd4 20. Rf1 Rb8 21. Bg2
Qxh2 0-1

[Event "Int. Championship of Central Serbia - O"]
[Site "Paracin"]
[Date "2011.07.11"]
[Round "4.2"]
[White "Saric, Sinisa"]
[Black "Smith, Brian G"]
[Result "1-0"]
[WhiteElo "2472"]
[BlackElo "2503"]
[PlyCount "53"]
[EventDate "2011.??.??"]

1. d4 Nf6 2. c4 e6 3. Nc3 Bb4 4. Qc2 O-O 5. e4 d6 6. a3 Bxc3+ 7. bxc3 e5 8. Bd3
c5 9. Ne2 Nc6 10. d5 Ne7 11. f3 Ng6 12. Be3 Nh5 13. Qd2 h6 14. O-O Qh4 15. g3
Qh3 16. Rf2 Nf6 17. Kh1 Nh7 18. g4 Qh4 19. Ng3 Ng5 20. Nh5 Nxf3 21. Rxf3 Bxg4
22. Nf6+ gxf6 23. Rg3 Kh7 24. Rag1 Bd7 25. Qf2 Qh5 26. Be2 Qh4 27. Bf3 1-0

[Event "Int. Championship of Central Serbia - O"]
[Site "Paracin"]
[Date "2011.07.11"]
[Round "4.4"]
[White "Miljkovic, Miroslav"]
[Black "Radlovacki, Jovan"]
[Result "1/2-1/2"]
[WhiteElo "2495"]
[BlackElo "2417"]
[PlyCount "101"]
[EventDate "2011.??.??"]

1. d4 Nf6 2. Nf3 e6 3. c4 Bb4+ 4. Bd2 Bxd2+ 5. Qxd2 b6 6. g3 Bb7 7. Bg2 O-O 8.
O-O d5 9. Na3 Qe7 10. cxd5 exd5 11. Rac1 c6 12. Nc2 Nbd7 13. Qe3 Qxe3 14. Nxe3
Rfe8 15. Rc2 g6 16. Rfc1 a5 17. Ne1 Nf8 18. Nd1 Ne6 19. Nf3 Ne4 20. e3 f6 21.
Nc3 Nxc3 22. Rxc3 Rab8 23. Bh3 Kf7 24. Ne1 Nd8 25. Nd3 Ke7 26. Bg4 Kd6 27. h4
Bc8 28. Bf3 Bf5 29. Nf4 Re7 30. g4 Bd7 31. Kg2 Ne6 32. Nd3 Be8 33. b4 Ra8 34.
bxa5 Rxa5 35. Rb1 b5 36. Nb4 f5 37. Rbc1 Nd8 38. gxf5 gxf5 39. Rc5 Bd7 40. R1c3
Ra4 41. a3 Rxb4 42. axb4 Rg7+ 43. Kh2 Ne6 44. Rd3 Nxc5 45. dxc5+ Ke5 46. Rd4
Rf7 47. Rf4 Be6 48. Bg2 Ra7 49. Rd4 Ra2 50. Kg3 Rb2 51. Bf1 1/2-1/2

[Event "Int. Championship of Central Serbia - O"]
[Site "Paracin"]
[Date "2011.07.11"]
[Round "4.5"]
[White "Radusinovic, Lazar"]
[Black "Savic, Miodrag R"]
[Result "0-1"]
[WhiteElo "2283"]
[BlackElo "2520"]
[PlyCount "84"]
[EventDate "2011.??.??"]

1. d4 Nf6 2. Nf3 e6 3. g3 b5 4. Bg2 Bb7 5. O-O Be7 6. Qd3 a6 7. c4 Nc6 8. a3
bxc4 9. Qxc4 O-O 10. b4 d5 11. Qc2 a5 12. b5 Na7 13. Nc3 c6 14. bxc6 Nxc6 15.
Bg5 Rc8 16. Qd3 Ne4 17. Bxe7 Nxe7 18. Rfc1 Qc7 19. Na2 Qd6 20. Qb5 Qa6 21. Rab1
Qxb5 22. Rxb5 Ba6 23. Rxa5 Bxe2 24. Ne5 f6 25. Nd7 Rfd8 26. Bh3 Ng5 27. Rxc8
Nxc8 28. Ra8 Nxh3+ 29. Kg2 Bg4 30. f3 Bf5 31. g4 Nf4+ 32. Kg3 Ne2+ 33. Kf2 Nxd4
34. gxf5 Rxd7 35. Rxc8+ Kf7 36. fxe6+ Nxe6 37. Rc2 Ra7 38. Rc3 d4 39. Rd3 Ke7
40. Nc1 Kd6 41. Ke1 Kd5 42. Kd2 Nc5 0-1

[Event "Int. Championship of Central Serbia - O"]
[Site "Paracin"]
[Date "2011.07.11"]
[Round "4.6"]
[White "Pancevski, Filip"]
[Black "Djukic, Nikola"]
[Result "1-0"]
[WhiteElo "2410"]
[BlackElo "2508"]
[PlyCount "47"]
[EventDate "2011.??.??"]

1. e4 c5 2. Ne2 Nc6 3. Nbc3 e6 4. g3 d5 5. exd5 exd5 6. d4 Bg4 7. Bg2 Nxd4 8.
O-O Nf6 9. f3 Be6 10. Nxd4 cxd4 11. Nb5 Bc5 12. Nxd4 O-O 13. Kh1 Re8 14. c3 h6
15. Bf4 Qb6 16. Nb3 Bd6 17. Bxd6 Qxd6 18. Nd4 Bd7 19. Qd2 Re5 20. Rfe1 Rae8 21.
Rxe5 Qxe5 22. Kg1 h5 23. Kf2 h4 24. Re1 1-0

[Event "Int. Championship of Central Serbia - O"]
[Site "Paracin"]
[Date "2011.07.11"]
[Round "4.7"]
[White "Lajthajm, Borko"]
[Black "Sertic, Rudolf"]
[Result "1/2-1/2"]
[WhiteElo "2481"]
[BlackElo "2406"]
[PlyCount "130"]
[EventDate "2011.??.??"]

1. Nf3 d5 2. d4 e6 3. c4 c5 4. cxd5 exd5 5. g3 Nc6 6. Bg2 Nf6 7. O-O Be7 8.
dxc5 Bxc5 9. Bg5 O-O 10. Nc3 d4 11. Bxf6 Qxf6 12. Ne4 Qe7 13. Nxc5 Qxc5 14. Rc1
Qb6 15. Qc2 h6 16. Rfd1 Be6 17. b3 Rfd8 18. Rd2 Rac8 19. Qb2 Rc7 20. Ne1 Bd5
21. Bxd5 Rxd5 22. Nf3 Rcd7 23. Rcd1 Qc5 24. a3 a5 25. Rd3 R7d6 26. Qc1 Qb6 27.
e3 Qd8 28. exd4 Nxd4 29. Nxd4 Rxd4 30. Rxd4 Rxd4 31. Rxd4 Qxd4 32. Qc8+ Kh7 33.
Qxb7 Qa1+ 34. Kg2 Qxa3 35. Qxf7 Qb4 36. Qd5 Kh8 37. h4 Kh7 38. Kf3 Qc3+ 39. Kg2
Qb4 40. h5 Kh8 41. f3 Qc3 42. Kh3 Qf6 43. Kg4 Qc3 44. Kf5 Qc7 45. g4 Kh7 46.
Ke6 Kg8 47. Kf5+ Kh7 48. Qb5 Qe7 49. f4 Qe3 50. Qd5 Qh3 51. Qd1 Qe3 52. Qc2 Kg8
53. Qc4+ Kh7 54. Qf7 Qd3+ 55. Ke5 Qe2+ 56. Kd6 Qxg4 57. Kc5 Qf3 58. Kb5 Qc3 59.
Qc4 Qd2 60. Qe4+ Kh8 61. Qa8+ Kh7 62. Qxa5 Qe2+ 63. Kb6 Qe3+ 64. Kc6 Qxb3 65.
Qf5+ Kh8 1/2-1/2

[Event "Int. Championship of Central Serbia - O"]
[Site "Paracin"]
[Date "2011.07.11"]
[Round "4.8"]
[White "Nenezic, Marko"]
[Black "Arsovic, Zoran"]
[Result "1-0"]
[WhiteElo "2274"]
[BlackElo "2463"]
[PlyCount "119"]
[EventDate "2011.??.??"]

1. Nf3 c5 2. c4 Nf6 3. Nc3 e6 4. g3 b6 5. Bg2 Bb7 6. O-O a6 7. d4 cxd4 8. Qxd4
d6 9. Rd1 Be7 10. Ng5 Bxg2 11. Kxg2 Nc6 12. Qd2 Ra7 13. b3 O-O 14. Bb2 Rd7 15.
e4 Qb8 16. Qe2 h6 17. Nf3 Rb7 18. a4 Nd7 19. Ba3 Rc8 20. Rab1 Nde5 21. Ne1 Rd7
22. f4 Ng6 23. Nf3 Qb7 24. Rd3 d5 25. Bxe7 dxe4 26. Nxe4 Rxd3 27. Qxd3 Qxe7 28.
Rd1 Rd8 29. Qe2 Nf8 30. Rxd8 Qxd8 31. c5 bxc5 32. Qxa6 Nd4 33. Qd3 e5 34. fxe5
Qd5 35. Nxc5 Qxc5 36. Qxd4 Qc2+ 37. Nd2 Ne6 38. Qe3 Nc5 39. Kf3 Qd1+ 40. Kf2
Qc2 41. Ke2 Ne6 42. a5 Qc6 43. Kd1 Qh1+ 44. Kc2 Qa1 45. Qc3 Qa2+ 46. Kd3 g5 47.
b4 Qd5+ 48. Ke3 g4 49. a6 Qb5 50. Qc4 Qxe5+ 51. Ne4 Qa1 52. Nc5 Qe1+ 53. Kd3
Qf1+ 54. Kc3 Qc1+ 55. Kb3 Qb1+ 56. Ka4 Qd1+ 57. Kb5 Nc7+ 58. Kc6 Ne8 59. Qd5
Qa1 60. Qd8 1-0

[Event "Int. Championship of Central Serbia - OP"]
[Site "Paracin"]
[Date "2011.07.11"]
[Round "4.12"]
[White "Pikula, Dejan"]
[Black "Doric, Nenad"]
[Result "1/2-1/2"]
[WhiteElo "2532"]
[BlackElo "2322"]
[PlyCount "67"]
[EventDate "2011.07.08"]

1. e4 e5 2. Nf3 Nc6 3. Bc4 Nf6 4. d3 Bc5 5. c3 a6 6. Bb3 Ba7 7. h3 d6 8. Nbd2
O-O 9. Nf1 d5 10. Qe2 Re8 11. Ng3 h6 12. O-O dxe4 13. dxe4 Be6 14. Nh4 Bxb3 15.
axb3 Re6 16. Nhf5 Ne7 17. Rd1 Qf8 18. b4 Nxf5 19. Nxf5 Kh7 20. Rd3 Ng8 21. Rd7
Bb6 22. Be3 Nf6 23. Rd3 Bxe3 24. Nxe3 Rd8 25. Nc4 Rxd3 26. Qxd3 c5 27. bxc5
Qxc5 28. Rd1 Qc6 29. f4 Nxe4 30. Nxe5 Qb6+ 31. Kh2 f5 32. Nd7 Qd6 33. Qf3 Qe7
34. Ne5 1/2-1/2

[Event "Int. Championship of Central Serbia - OP"]
[Site "Paracin"]
[Date "2011.07.11"]
[Round "4.40"]
[White "Zarkovic, Mila"]
[Black "Rotoni, Matteo"]
[Result "0-1"]
[WhiteElo "2015"]
[BlackElo "2180"]
[PlyCount "40"]
[EventDate "2011.07.08"]

1. e4 e6 2. d4 d5 3. Nc3 Bb4 4. e5 c5 5. Bd2 Ne7 6. Nb5 Bxd2+ 7. Qxd2 O-O 8. f4
Nbc6 9. dxc5 b6 10. cxb6 Qxb6 11. c3 Rb8 12. O-O-O Bd7 13. Nd6 f6 14. Nf3 fxe5
15. Nxe5 Nxe5 16. fxe5 Rf2 17. Be2 Nc6 18. Nb5 Nxe5 19. Na3 Nd3+ 20. Kc2 Nf4
0-1

[Event "Int. Championship of Central Serbia - OP"]
[Site "Paracin"]
[Date "2011.07.11"]
[Round "4.18"]
[White "Ardeleanu, Alin"]
[Black "Ganaus, Hannes"]
[Result "1/2-1/2"]
[WhiteElo "2394"]
[BlackElo "2287"]
[PlyCount "85"]
[EventDate "2011.07.08"]

1. e4 e6 2. d4 d5 3. Nc3 Bb4 4. Nge2 dxe4 5. a3 Be7 6. Nxe4 Nf6 7. Qd3 Nxe4 8.
Qxe4 Nd7 9. Bf4 Nf6 10. Qe5 Bd6 11. Qg5 O-O 12. Be5 Bxe5 13. dxe5 Nd5 14. Qxd8
Rxd8 15. O-O-O Bd7 16. g3 Bc6 17. Rg1 Ne7 18. Nd4 Be4 19. Be2 Nc6 20. Nxc6 Bxc6
21. f4 Kf8 22. Rxd8+ Rxd8 23. Rd1 Rxd1+ 24. Kxd1 Ke7 25. Bd3 h5 26. Kd2 b6 27.
b4 g6 28. Ke3 Bd7 29. Kd4 Kd8 30. Be4 Bb5 31. Bf3 Kd7 32. h4 Ke7 33. g4 hxg4
34. Bxg4 Ba4 35. c4 a5 36. bxa5 c5+ 37. Kc3 bxa5 38. h5 gxh5 39. Bxh5 f6 40.
Kd3 Bc6 41. Ke3 Ba4 42. Kd3 Bc6 43. Ke3 1/2-1/2

[Event "Int. Championship of Central Serbia - OP"]
[Site "Paracin"]
[Date "2011.07.11"]
[Round "4.9"]
[White "Bogosavljevic, Boban"]
[Black "Indjic, Aleksandar"]
[Result "1-0"]
[WhiteElo "2548"]
[BlackElo "2373"]
[PlyCount "81"]
[EventDate "2011.07.08"]

1. Nf3 g6 2. d4 Bg7 3. g3 c5 4. d5 d6 5. Bg2 Nf6 6. O-O O-O 7. c4 e6 8. Nc3
exd5 9. cxd5 Re8 10. Nd2 b6 11. a4 Ba6 12. Nb5 Bxb5 13. axb5 Nbd7 14. h3 Re7
15. Ra3 Ne8 16. e3 Nc7 17. Qb3 f5 18. e4 Ne5 19. exf5 gxf5 20. Nb1 Qd7 21. Nc3
h6 22. Be3 Ng6 23. Rfa1 f4 24. gxf4 Nh4 25. Kh2 Bxc3 26. bxc3 Rg7 27. Bh1 Nxb5
28. Ra4 Kh8 29. Re4 Rag8 30. Re6 Nc7 31. Rxh6+ Rh7 32. Rxh7+ Qxh7 33. Rxa7 Qh5
34. c4 Rg7 35. Rb7 Rh7 36. Rb8+ Kg7 37. Bc1 Nf5 38. Bg2 Nd4 39. Qg3+ Kf6 40.
Rxb6 Ne2 41. Bb2+ 1-0

[Event "Int. Championship of Central Serbia - OP"]
[Site "Paracin"]
[Date "2011.07.11"]
[Round "4.10"]
[White "Damljanovic, Branko"]
[Black "Martic, Ivan"]
[Result "1-0"]
[WhiteElo "2611"]
[BlackElo "2347"]
[PlyCount "69"]
[EventDate "2011.07.08"]

1. c4 e5 2. Nc3 Nc6 3. g3 Bc5 4. Bg2 a6 5. e3 d6 6. Nge2 Ba7 7. a3 Nge7 8. b4
O-O 9. Bb2 Bf5 10. d3 Qd7 11. h3 Rae8 12. Qd2 Be6 13. Rc1 Nd8 14. Nd5 Nc8 15.
e4 f5 16. exf5 Rxf5 17. Ne3 Rf7 18. d4 Ref8 19. f4 exd4 20. Bxd4 c5 21. bxc5
Nc6 22. cxd6 Nxd4 23. Nxd4 Qxd6 24. c5 Qe7 25. Nxe6 Qxe6 26. Bd5 Qg6 27. Bxf7+
Rxf7 28. Kf2 h5 29. Qd8+ Rf8 30. Qd5+ Kh8 31. h4 Ne7 32. Qg5 Qf7 33. Rhd1 Ng8
34. Qd5 Qg6 35. Qd3 1-0

[Event "Int. Championship of Central Serbia - OP"]
[Site "Paracin"]
[Date "2011.07.11"]
[Round "4.11"]
[White "Brankovic, Dejan"]
[Black "Miladinovic, Igor"]
[Result "0-1"]
[WhiteElo "2338"]
[BlackElo "2566"]
[PlyCount "66"]
[EventDate "2011.07.08"]

1. e4 c5 2. Nf3 a6 3. c4 e6 4. Nc3 Nc6 5. d4 cxd4 6. Nxd4 Qc7 7. a3 Nf6 8. Be3
b6 9. Be2 Bb7 10. f3 Ne5 11. Rc1 d6 12. O-O Be7 13. f4 Ned7 14. f5 e5 15. Nd5
Bxd5 16. cxd5 Qb7 17. Nc6 Nxe4 18. Rc4 Nef6 19. g4 h6 20. h4 b5 21. Rb4 Nb6 22.
Bf3 Nc4 23. Bf2 e4 24. Re1 Ne5 25. Bxe4 Nfxg4 26. Bd4 O-O 27. Re2 Rfe8 28. Rg2
h5 29. Rb3 Bf6 30. Kh1 Nxc6 31. dxc6 Qe7 32. Bf3 Bxd4 33. Qxd4 Qxh4+ 0-1

[Event "Int. Championship of Central Serbia - OP"]
[Site "Paracin"]
[Date "2011.07.11"]
[Round "4.13"]
[White "Blagojevic, Dragisa"]
[Black "Tosic, Srecko"]
[Result "1-0"]
[WhiteElo "2516"]
[BlackElo "2342"]
[PlyCount "105"]
[EventDate "2011.07.08"]

1. d4 d5 2. c4 c6 3. Nc3 Nf6 4. e3 g6 5. Nf3 Bg7 6. cxd5 cxd5 7. Bb5+ Bd7 8.
Qb3 Bxb5 9. Qxb5+ Qd7 10. Ne5 Qxb5 11. Nxb5 Na6 12. b3 Nd7 13. Nd3 Ndb8 14. Ba3
Nc6 15. Rc1 Kd7 16. Kd2 Rhc8 17. Rc2 Bf8 18. Rhc1 f6 19. Nc3 e5 20. Bxf8 exd4
21. Na4 dxe3+ 22. Kxe3 Rxf8 23. Nac5+ Nxc5 24. Nxc5+ Ke7 25. Nxb7 d4+ 26. Kd2
Ne5 27. Rc7+ Ke6 28. f4 Ng4 29. h3 Nf2 30. Ke2 Ne4 31. Kd3 Ng3 32. R1c5 h5 33.
h4 Rfe8 34. Kxd4 Re7 35. R7c6+ Kf7 36. Nd6+ Kf8 37. f5 gxf5 38. Nxf5 Rd7+ 39.
Kc4 Ne4 40. Rd5 Rad8 41. Rxd7 Rxd7 42. Re6 Nd2+ 43. Kb4 Kf7 44. Rd6 Rxd6 45.
Nxd6+ Ke6 46. Nb5 Nf1 47. Nxa7 Ne3 48. g3 Kd7 49. Nb5 Nf5 50. a4 Nxg3 51. Nd4
f5 52. Kc5 f4 53. Kd5 1-0

[Event "Int. Championship of Central Serbia - OP"]
[Site "Paracin"]
[Date "2011.07.11"]
[Round "4.14"]
[White "Pavlov, Sergey"]
[Black "Popovic, Aleksandar M"]
[Result "1/2-1/2"]
[WhiteElo "2505"]
[BlackElo "2321"]
[PlyCount "104"]
[EventDate "2011.07.08"]

1. d4 g6 2. e4 Bg7 3. Nc3 d6 4. Nge2 Nd7 5. g3 e5 6. Bg2 h5 7. h3 Ngf6 8. O-O
O-O 9. f4 exd4 10. Nxd4 c6 11. Be3 Re8 12. Bf2 Nc5 13. Re1 Qe7 14. Qd2 Bd7 15.
Rad1 Rad8 16. Nb3 Be6 17. Bd4 b6 18. Qf2 Nxb3 19. axb3 c5 20. Be3 Bc8 21. f5
gxf5 22. exf5 Qe5 23. Bc6 Qxf5 24. Bxe8 Rxe8 25. Qxf5 Bxf5 26. Rxd6 Bxc2 27.
Bf2 Rxe1+ 28. Bxe1 Bxb3 29. Rd8+ Kh7 30. Ra8 a5 31. Rb8 Nd7 32. Rb7 Be6 33. Na4
Bxh3 34. Bc3 Bxc3 35. bxc3 Be6 36. Nxb6 Nxb6 37. Rxb6 a4 38. Rb5 a3 39. Rxc5
Kg6 40. Ra5 a2 41. Kf2 f5 42. Ke3 Kg5 43. Kd4 Kg4 44. c4 Kxg3 45. Ra3+ Kg4 46.
Rxa2 f4 47. Ra6 Bf5 48. c5 h4 49. c6 h3 50. c7 h2 51. Rh6 Kg3 52. Ke5 Bg4
1/2-1/2

[Event "Int. Championship of Central Serbia - OP"]
[Site "Paracin"]
[Date "2011.07.11"]
[Round "4.15"]
[White "Bojovic, Dusan"]
[Black "Zlatanovic, Boroljub"]
[Result "0-1"]
[WhiteElo "2320"]
[BlackElo "2433"]
[PlyCount "102"]
[EventDate "2011.07.08"]

1. e4 e6 2. d4 d5 3. Nc3 Bb4 4. e5 c5 5. a3 Bxc3+ 6. bxc3 Ne7 7. Qg4 Qc7 8.
Qxg7 Rg8 9. Qxh7 cxd4 10. Ne2 Nbc6 11. f4 dxc3 12. Qd3 d4 13. Ng3 Bd7 14. Ne4
O-O-O 15. Rb1 Nf5 16. Be2 Rxg2 17. Bf3 Rdg8 18. Bxg2 Rxg2 19. Kf1 Rg8 20. Nf6
Rg6 21. Rg1 Nce7 22. Nxd7 Qxd7 23. Rxg6 fxg6 24. Qb5 Nc6 25. Qc4 b6 26. a4 Kb7
27. Kg1 Qe7 28. Qd3 Qh4 29. Qe4 Qg4+ 30. Kf2 Qh4+ 31. Kf1 Qh5 32. Kg2 Qd1 33.
Kf2 Kc7 34. Qe2 Qh1 35. Qf3 Qxh2+ 36. Qg2 Qh4+ 37. Kf1 Na5 38. Qxg6 Ng3+ 39.
Kf2 Ne4+ 40. Kg2 Qf2+ 41. Kh3 Qf3+ 42. Kh2 Nc6 43. Qf7+ Kd8 44. Qf8+ Kd7 45.
Qg7+ Ke8 46. Qg2 Qh5+ 47. Qh3 Qe2+ 48. Qg2 d3 49. cxd3 Qxd3 50. Ra1 Nd4 51. a5
Nf3+ 0-1

[Event "Int. Championship of Central Serbia - OP"]
[Site "Paracin"]
[Date "2011.07.11"]
[Round "4.16"]
[White "Milenkovic, Mladen"]
[Black "Toth, Aleksandar"]
[Result "1/2-1/2"]
[WhiteElo "2405"]
[BlackElo "2315"]
[PlyCount "40"]
[EventDate "2011.07.08"]

1. f4 d5 2. Nf3 g6 3. e3 Bg7 4. c4 c6 5. Nc3 Nf6 6. d4 O-O 7. cxd5 cxd5 8. Bd3
Nc6 9. O-O Bf5 10. Bxf5 gxf5 11. Bd2 e6 12. Ne5 Rc8 13. Rf3 Ne4 14. Nxc6 Rxc6
15. Nxe4 fxe4 16. Rh3 f5 17. Kh1 Rf6 18. Bc3 Rg6 19. Rg3 Qh4 20. Qe1 Rxg3
1/2-1/2

[Event "Int. Championship of Central Serbia - OP"]
[Site "Paracin"]
[Date "2011.07.11"]
[Round "4.17"]
[White "Stanojevic, Branko"]
[Black "Nestorovic, Dejan"]
[Result "1/2-1/2"]
[WhiteElo "2292"]
[BlackElo "2404"]
[PlyCount "93"]
[EventDate "2011.07.08"]

1. Nf3 Nf6 2. c4 c5 3. g3 b6 4. Bg2 Bb7 5. O-O e6 6. Nc3 d6 7. d4 cxd4 8. Qxd4
a6 9. Rd1 Be7 10. Bg5 Nbd7 11. Qd2 Rc8 12. b3 O-O 13. Rac1 Bc6 14. Bf4 e5 15.
Bg5 b5 16. Bxf6 Nxf6 17. Bh3 Rc7 18. Nd5 Nxd5 19. cxd5 Bb7 20. e4 Rxc1 21. Rxc1
Qb8 22. Qc2 Bd8 23. Bd7 Bb6 24. h4 Qd8 25. Bh3 g6 26. Kg2 Kg7 27. b4 h5 28. Ng5
Re8 29. Qc3 Qf6 30. Rf1 Re7 31. f3 Rc7 32. Qd2 Kg8 33. Kh2 Bc8 34. Bxc8 Rxc8
35. Rc1 Qd8 36. Rc6 Kg7 37. Qc3 Rxc6 38. dxc6 Qc7 39. Qb3 Ba7 40. f4 exf4 41.
Qc3+ Kg8 42. gxf4 d5 43. Qf6 dxe4 44. Nxf7 Qb6 45. Nh6+ Kh7 46. Qf7+ Kxh6 47.
Qf8+ 1/2-1/2

[Event "Int. Championship of Central Serbia - OP"]
[Site "Paracin"]
[Date "2011.07.11"]
[Round "4.19"]
[White "Andrijevic, Milan"]
[Black "Majeric, Zoran"]
[Result "1-0"]
[WhiteElo "2365"]
[BlackElo "2278"]
[PlyCount "63"]
[EventDate "2011.07.08"]

1. e4 e5 2. Nf3 Nc6 3. Bb5 Nge7 4. O-O g6 5. c3 Bg7 6. d4 O-O 7. d5 a6 8. Ba4
b5 9. Bc2 Nb8 10. a4 bxa4 11. d6 cxd6 12. Qxd6 Nbc6 13. Bxa4 Bb7 14. Rd1 Qb6
15. Na3 Nc8 16. Nc4 Qa7 17. Qxd7 Nb8 18. Qd3 Qc5 19. b4 Qc7 20. Na5 Nb6 21. Bb3
N8d7 22. Bg5 Rfc8 23. c4 Nf8 24. c5 Nbd7 25. Nxb7 Qxb7 26. Bd5 Qxb4 27. Bxa8
Rxa8 28. c6 Nc5 29. Qd5 Nxe4 30. c7 Rc8 31. Rab1 Qa4 32. Qb7 1-0

[Event "Int. Championship of Central Serbia - OP"]
[Site "Paracin"]
[Date "2011.07.11"]
[Round "4.20"]
[White "Pezelj, Novak"]
[Black "Todorovic, Nenad I"]
[Result "1/2-1/2"]
[WhiteElo "2364"]
[BlackElo "1884"]
[PlyCount "88"]
[EventDate "2011.07.08"]

1. Nf3 Nf6 2. c4 c5 3. g3 b6 4. Bg2 Bb7 5. O-O e6 6. Nc3 Be7 7. d4 cxd4 8. Nxd4
Bxg2 9. Kxg2 d6 10. e4 O-O 11. b3 a6 12. Bb2 Qc7 13. Rc1 Nbd7 14. f4 Rfe8 15.
Qf3 Bf8 16. Rce1 Rac8 17. g4 h6 18. Kh1 Qb7 19. Rg1 g5 20. e5 Qxf3+ 21. Nxf3
dxe5 22. fxe5 Nh7 23. Rd1 Red8 24. Rd2 Nc5 25. Rgd1 Be7 26. b4 Nb7 27. Rd7 Rxd7
28. Rxd7 Bxb4 29. Rxb7 Rxc4 30. Nd1 Bc5 31. h3 Nf8 32. Rb8 Kg7 33. Rd8 Ng6 34.
Rd2 Nf4 35. h4 Kg6 36. Kh2 Nd5 37. Kg3 Bb4 38. Rh2 Nf4 39. a3 Bc5 40. Rd2 Re4
41. hxg5 hxg5 42. Rd8 Ne2+ 43. Kh3 Nf4+ 44. Kg3 Ne2+ 1/2-1/2

[Event "Int. Championship of Central Serbia - OP"]
[Site "Paracin"]
[Date "2011.07.11"]
[Round "4.21"]
[White "Popovic, Djordje D"]
[Black "Stankovic, Milos"]
[Result "0-1"]
[WhiteElo "2259"]
[BlackElo "2364"]
[PlyCount "58"]
[EventDate "2011.07.08"]

1. d4 Nf6 2. c4 e5 3. dxe5 Ng4 4. Bf4 g5 5. Bg3 Nc6 6. Nf3 Bg7 7. h4 Ngxe5 8.
Nxe5 Nxe5 9. e3 d6 10. Nd2 g4 11. h5 Bf5 12. Qb3 Qd7 13. Bh4 h6 14. Be2 O-O 15.
O-O-O Qc6 16. f3 d5 17. Qb5 Qxb5 18. cxb5 Nd3+ 19. Bxd3 Bxd3 20. Nb3 Bc4 21.
Nd4 Bxa2 22. b3 a6 23. Kc2 axb5 24. Nf5 Bh8 25. Rxd5 c6 26. Rd3 c5 27. Rd5 c4
28. Ne7+ Kh7 29. Rxb5 Bxb3+ 0-1

[Event "Int. Championship of Central Serbia - OP"]
[Site "Paracin"]
[Date "2011.07.11"]
[Round "4.22"]
[White "Vucinic, Gojko"]
[Black "Nestorovic, Lazar"]
[Result "0-1"]
[WhiteElo "2081"]
[BlackElo "2428"]
[PlyCount "88"]
[EventDate "2011.07.08"]

1. e4 e5 2. Nf3 d6 3. d4 exd4 4. Nxd4 Nf6 5. Nc3 Be7 6. Bc4 O-O 7. O-O c6 8. h3
Re8 9. Re1 Bf8 10. Bg5 Nbd7 11. Qd2 Ne5 12. Bb3 Ng6 13. Rad1 h6 14. Be3 Bd7 15.
f3 b5 16. a4 b4 17. Nce2 Ne5 18. Ng3 d5 19. Qf2 c5 20. Ndf5 d4 21. Bc1 c4 22.
Ba2 b3 23. cxb3 Nd3 24. Rxd3 cxd3 25. Nxd4 Bc5 26. Be3 Qb6 27. Rd1 Nd5 28. Rxd3
Nb4 29. Bb1 Nxd3 30. Bxd3 Rad8 31. Nge2 Bc8 32. Bb5 Ba6 33. b4 Bxd4 34. Bxd4
Rxd4 35. Nxd4 Rd8 36. a5 Qxd4 37. Bxa6 Qxb4 38. Qxa7 Qxa5 39. b4 Rd1+ 40. Kf2
Qxb4 41. Qe3 h5 42. g3 h4 43. gxh4 Qd6 44. Bf1 Qh2+ 0-1

[Event "Int. Championship of Central Serbia - OP"]
[Site "Paracin"]
[Date "2011.07.11"]
[Round "4.23"]
[White "Cvetanovic, Uros"]
[Black "Nikolov, Sasho"]
[Result "0-1"]
[WhiteElo "2232"]
[BlackElo "2412"]
[PlyCount "120"]
[EventDate "2011.07.08"]

1. e4 c5 2. Nf3 e6 3. d4 cxd4 4. Nxd4 Nc6 5. Nc3 Qc7 6. Be3 a6 7. Be2 Nf6 8.
O-O Be7 9. f4 d6 10. a4 O-O 11. Nb3 b6 12. Qe1 Rb8 13. g4 Re8 14. g5 Nd7 15.
Qh4 Na5 16. Nd2 Bb7 17. Bd3 g6 18. Rf3 f5 19. Rh3 Nf8 20. Ne2 fxe4 21. Nxe4 Nc4
22. Bd4 e5 23. fxe5 dxe5 24. Bc3 b5 25. axb5 axb5 26. b4 Qb6+ 27. Kh1 Nd6 28.
N2g3 Qe3 29. Rf1 Bxg5 30. Qg4 Bf4 31. Re1 Qb6 32. Nh5 Nxe4 33. Bxe4 Bxe4+ 34.
Rxe4 Qc6 35. Qg2 Rbd8 36. Nxf4 exf4 37. Rxe8 Qxe8 38. Rd3 Rxd3 39. cxd3 Qd7 40.
Qe4 Ne6 41. Qe5 Qc6+ 42. Kg1 Kf7 43. Qf6+ Ke8 44. Qh8+ Kd7 45. Qxh7+ Kd6 46.
Qh8 Qb6+ 47. d4 Kd5 48. Qf6 Kc4 49. Kf1 Qc6 50. Kf2 Qd5 51. Ba1 Ng5 52. Qxg6
Qf3+ 53. Ke1 Qh1+ 54. Kd2 Ne4+ 55. Kc2 Qxh2+ 56. Kb1 Kd3 57. Bb2 f3 58. Qf5
Qc2+ 59. Ka2 Ke2 60. Qxb5+ Ke1 0-1

[Event "Int. Championship of Central Serbia - OP"]
[Site "Paracin"]
[Date "2011.07.11"]
[Round "4.24"]
[White "Djosic, Slavoljub"]
[Black "Pantelic, Sasa"]
[Result "1-0"]
[WhiteElo "2213"]
[BlackElo "2364"]
[Annotator ",WORKGROUP"]
[PlyCount "84"]
[EventDate "2011.07.08"]

1. d4 Nf6 2. Bg5 e6 3. e4 h6 4. Bxf6 Qxf6 5. Nc3 Bb4 6. a3 Bxc3+ 7. bxc3 d6 8.
Bd3 e5 9. Ne2 O-O 10. O-O c5 11. d5 Nd7 12. a4 Qg6 13. c4 Nf6 14. Ng3 h5 15. f4
Ng4 16. f5 Qg5 17. Rf3 h4 18. Nf1 Bd7 19. Rh3 g6 20. Qe1 Kg7 21. Qxh4 Qxh4 22.
Rxh4 gxf5 23. exf5 Nf6 24. Ne3 Rh8 25. Rxh8 Rxh8 26. a5 Rh4 27. g3 Rd4 28. Rb1
Bc8 29. Kf2 Ng4+ 30. Nxg4 Rxg4 31. h3 Rg5 32. g4 f6 33. Kf3 Kh6 34. h4 Rg7 35.
c3 Re7 36. Bc2 Rg7 37. Ba4 Rg8 38. Rb2 Kh7 39. Rg2 Kg7 40. Ke4 Rh8 41. Rh2 Kf7
42. Bc2 Bd7 {necitko} 1-0

[Event "Int. Championship of Central Serbia - OP"]
[Site "Paracin"]
[Date "2011.07.11"]
[Round "4.25"]
[White "Milovanovic, Srboljub"]
[Black "Weinzettl, Ernst"]
[Result "1/2-1/2"]
[WhiteElo "2196"]
[BlackElo "2335"]
[PlyCount "68"]
[EventDate "2011.07.08"]

1. d4 Nf6 2. c4 e6 3. Nc3 Bb4 4. e3 O-O 5. Bd3 Nc6 6. Qc2 e5 7. d5 Ne7 8. Bd2
c6 9. a3 Bxc3 10. Bxc3 d6 11. dxc6 bxc6 12. O-O-O Qb6 13. Qd2 Be6 14. f4 Nd7
15. Nf3 Nc5 16. Qc2 Nxd3+ 17. Qxd3 Rfd8 18. Ng5 Bf5 19. Qd2 Qb3 20. fxe5 d5 21.
c5 Rdb8 22. e4 dxe4 23. Qe3 Nd5 24. Rxd5 cxd5 25. g4 Bg6 26. Rd1 Qc4 27. h4 h6
28. h5 Bh7 29. Nxh7 Kxh7 30. g5 Rb3 31. gxh6 gxh6 32. Qh3 Kh8 33. Qe3 Kh7 34.
Qh3 Kh8 1/2-1/2

[Event "Int. Championship of Central Serbia - OP"]
[Site "Paracin"]
[Date "2011.07.11"]
[Round "4.28"]
[White "Kislik, Erik Andrew"]
[Black "Gajovic, Dragan"]
[Result "1-0"]
[WhiteElo "2328"]
[BlackElo "2121"]
[PlyCount "93"]
[EventDate "2011.07.08"]

1. e4 d6 2. d4 e5 3. Nf3 exd4 4. Nxd4 Nf6 5. Nc3 g6 6. Bg5 Bg7 7. Qd2 h6 8. Bf4
g5 9. Bg3 Nh5 10. O-O-O Nc6 11. Nf5 Bxc3 12. Qxc3 Qf6 13. Qxf6 Nxf6 14. f3 Bxf5
15. exf5 O-O-O 16. Be1 Rhe8 17. Bc3 Ne5 18. h4 g4 19. f4 Ned7 20. h5 Ne4 21.
Be1 Ndf6 22. b4 d5 23. c3 c6 24. Kc2 b5 25. Bd3 Kb7 26. Bh4 Ra8 27. Rhe1 Kc7
28. Re3 Nxh5 29. Bxe4 Rxe4 30. Rxe4 dxe4 31. Rd4 Re8 32. f6 Re6 33. g3 e3 34.
Kd1 Nxf6 35. f5 Re5 36. Bxf6 Rxf5 37. Rf4 Rxf4 38. Be5+ Kd7 39. Bxf4 h5 40. Ke2
Ke6 41. Kxe3 Kd5 42. Kd3 a6 43. Bb8 f6 44. Bf4 c5 45. a3 f5 46. Bb8 f4 47. Bxf4
1-0